Finite Groups III

Αποθηκεύτηκε σε:
Λεπτομέρειες βιβλιογραφικής εγγραφής
Κύριος συγγραφέας: Huppert, B. (Bertram) 1927-
Άλλοι συγγραφείς: Blackburn, N. (Norman) 1930-
Μορφή: Βιβλίο
Γλώσσα:English
Δημοσίευση: Berlin : Springer-Verlag, 1982
Σειρά:Grundlehren der mathematischen wissenschaften ; ; 243
Θέματα:
Ετικέτες: Προσθήκη ετικέτας
Δεν υπάρχουν, Καταχωρήστε ετικέτα πρώτοι!

MARC

LEADER 00000nam a2200000 i 4500
001 1/30632
008 960710s1982 eng d
020 |a 3-540-10633-2 
035 |a 1995  |l 10038619 
040 |a GR-MY-UA  |b gre  |e aacr 
041 0 |a eng 
082 0 |a 512.2 
100 1 |a Huppert, B. (Bertram)  |d 1927- 
245 1 0 |a Finite Groups III /  |c B. Huppert, N. Blackburn 
260 |a Berlin :   |b Springer-Verlag,   |c 1982 
300 |a 454 p.;  |c 24 cm. 
490 1 |a Grundlehren der mathematischen Wissenschaften  |v ; 243 
500 |a Includes bibliographical references and indexes 
650 0 0 |a Finite groups. 
700 1 |a Blackburn, N.  |q (Norman)  |d 1930- 
830 0 |a Grundlehren der mathematischen wissenschaften ;  |v ; 243 
852 |a INST  |b SAMOS  |e 19960710  |h 512.2 HUP  |p 005300005151  |q 005300005151  |t BK  |y 0 
909 |a Σ  |b 039306